Central Library OPAC University of Rajshahi

Investigation of un-American propaganda activities in the United States : (Record no. 17085)

MARC details
000 -LEADER
fixed length control field 01120nam a2200277 a 4500
001 - CONTROL NUMBER
control field 17085
003 - CONTROL NUMBER IDENTIFIER
rucl marc code BD-RjUL
005 - DATE AND TIME OF LATEST TRANSACTION
control field 20211209000103.0
008 - FIXED-LENGTH DATA ELEMENTS--GENERAL INFORMATION
fixed length control field 190109s1941 dcu 000 0 eng
035 ## - SYSTEM CONTROL NUMBER
System control number (BD-RjUL)17142
040 ## - CATALOGING SOURCE
Original cataloging agency DLC
Transcribing agency OrPS
Modifying agency OCoLC
-- DLC
-- BD-RjUL
Language of cataloging eng
041 ## - LANGUAGE CODE
Language code of text/sound track or separate title eng
043 ## - GEOGRAPHIC AREA CODE
Geographic area code e-gx---
-- e-it---
-- e-ur---
082 ## - DEWEY DECIMAL CLASSIFICATION NUMBER
Edition number 23
Classification number 973
Author mark and year UNI 1941
110 1# - MAIN ENTRY--CORPORATE NAME
Corporate name or jurisdiction name as entry element United States.
Subordinate unit Congress.
-- House.
-- Special Committee on Un-American Activities
9 (RLIN) 226787
245 10 - TITLE STATEMENT
Title Investigation of un-American propaganda activities in the United States :
Remainder of title Report /
Statement of responsibility, etc. United States. Congress. House. Special Committee on Un-American Activities ; Martin Dies
260 ## - PUBLICATION, DISTRIBUTION, ETC. (IMPRINT)
Place of publication, distribution, etc. [Washington:
Name of publisher, distributor, etc. U.S. Govt. print. off.,
Date of publication, distribution, etc. 1941]
300 ## - PHYSICAL DESCRIPTION
Pagination 25 p.
Size 24 cm.
500 ## - GENERAL NOTE
General note Union calendar no. 1. "Pursuant to H. Res. 282, 75th Cong. and H. Res. 26, 76th Cong." Subcommitted by Dies.
650 #0 - SUBJECT ADDED ENTRY--TOPICAL TERM
Topical term or geographic name as entry element National socialism.
9 (RLIN) 226788
Topical term or geographic name as entry element Propaganda, German.
9 (RLIN) 226789
Topical term or geographic name as entry element Germans
Geographic subdivision United States.
9 (RLIN) 226790
Topical term or geographic name as entry element Propaganda, Russian.
9 (RLIN) 226792
700 ## - ADDED ENTRY--PERSONAL NAME
Personal name Dies, Martin , jt. auth.
942 ## - ADDED ENTRY ELEMENTS (KOHA)
Source of classification or shelving scheme Dewey Decimal Classification
Koha item type Rare Books
Holdings
Lost status Source of classification or shelving scheme Damaged status Not for loan Collection code Permanent Location Current Location Shelving location Date acquired Source of acquisition Cost, normal purchase price Total Checkouts Full call number Date last seen Copy number Koha item type
  Dewey Decimal Classification   Not For Loan Rare Books Central Library, University of Rajshahi Central Library, University of Rajshahi Rare Book Section 15/02/1962 A. I. Quraishi 1.00   RA 973 UNI 1941 09/01/2019 C-1 Rare Books